La flecha negra / (Registro nro. 8782)

Detalles MARC
000 -LEADER
fixed length control field 00779nam a22002777a 4500
001 - CONTROL NUMBER
control field 347719
003 - CONTROL NUMBER IDENTIFIER
control field DO-SdBNP
005 - DATE AND TIME OF LATEST TRANSACTION
control field 20180125112245.0
007 - PHYSICAL DESCRIPTION FIXED FIELD--GENERAL INFORMATION
fixed length control field 347719
008 - FIXED-LENGTH DATA ELEMENTS--GENERAL INFORMATION
fixed length control field 990920s1998 sp | ||| ||spa
016 7# - NATIONAL BIBLIOGRAPHIC AGENCY CONTROL NUMBER
Source BPMSU
020 ## - INTERNATIONAL STANDARD BOOK NUMBER
International Standard Book Number 8432091065
040 ## - CATALOGING SOURCE
Original cataloging agency BPMSU
Language of cataloging spa
Transcribing agency BPMSU
041 1# - LANGUAGE CODE
Language code of text/sound track or separate title spa
100 1# - MAIN ENTRY--PERSONAL NAME
Personal name Stevenson, Robert Louis,
Dates associated with a name 1850-1894.
240 14 - UNIFORM TITLE
Uniform title <a href="The black arrow">The black arrow</a>
Language of a work Español
245 13 - TITLE STATEMENT
Title La flecha negra /
Statement of responsibility, etc. Robert L. Stevenson.
250 ## - EDITION STATEMENT
Edition statement 2ª ed.
260 ## - PUBLICATION, DISTRIBUTION, ETC. (IMPRINT)
Place of publication, distribution, etc. Barcelona, España :
Name of publisher, distributor, etc. Planeta,
Date of publication, distribution, etc. 1998.
300 ## - PHYSICAL DESCRIPTION
Extent 295 p. :
Other physical details il. ;
Dimensions 20 cm.
490 1# - SERIES STATEMENT
Series statement Biblioteca mundial de grandes aventuras
830 ## - SERIES ADDED ENTRY--UNIFORM TITLE
Name of part/section of a work Biblioteca mundial de grandes aventuras
942 ## - ADDED ENTRY ELEMENTS (KOHA)
Source of classification or shelving scheme Dewey Decimal Classification
Koha item type Libros
945 ## - LOCAL PROCESSING INFORMATION (OCLC)
a Inventariado, 2018 /LP
956 ## - LOCAL ELECTRONIC LOCATION AND ACCESS (OCLC)
Host name VMATEO
Linkage BPMSU
Access number 10
Existencias
Withdrawn status Lost status Source of classification or shelving scheme Damaged status Not for loan Collection code Home library Current library Date acquired Source of acquisition Total Checkouts Barcode Date last seen Price effective from Koha item type
    Dewey Decimal Classification     Colección General Biblioteca Pública Metropolitana Salomé Ureña Biblioteca Pública Metropolitana Salomé Ureña 11/18/2015 FUNDI   BPMSU15110352 11/18/2015 11/18/2015 Libros